| 000 | 00463nam a22001817a 4500 | ||
|---|---|---|---|
| 003 | NUST - PNEC | ||
| 005 | 20170116180907.0 | ||
| 008 | 150902b xxu||||| |||| 00| 0 eng d | ||
| 020 | _a8129702142 | ||
| 040 | _cLIBRARY | ||
| 082 | _a620.106 ESP | ||
| 100 |
_96771 _aEsposito, Anthony. |
||
| 245 |
_aFluid power with applications _cAnthony Esposito |
||
| 250 | _a5th ed. | ||
| 260 | _cc.2000 | ||
| 650 |
_96774 _aFluid Power Technology _xME |
||
| 942 |
_2ddc _cBK |
||
| 999 |
_c65147 _d65147 |
||